[Event "Berlin Lichtenrade op 14th"]
[Site "Berlin"]
[Date "2018.11.01"]
[Round "6"]
[White "Hesse, Henrik"]
[Black "Woerz, Markus"]
[Result "1/2-1/2"]
[WhiteElo "2272"]
[BlackElo "1996"]
[PlyCount "141"]
[EventDate "2018.10.27"]
[EventType "swiss"]
[EventRounds "9"]
[EventCountry "GER"]
[SourceTitle "CBM 187 Extra"]
[Source "ChessBase"]
[SourceDate "2018.11.04"]
[SourceVersion "1"]
[SourceVersionDate "2018.11.04"]
[SourceQuality "1"]

1. c4 c5 2. Nf3 Nf6 3. d4 cxd4 4. Nxd4 b6 5. Nc3 Bb7 6. f3 d6 7. e4 a6 8. Be3 e6 9. Be2 Be7 10. 0-0 0-0 11. Qe1 Nbd7 12. Qf2 Qc7 13. Rac1 Rac8 14. Rfd1 Qb8 15. Nc2 Bd8 16. Na4 Bc6 17. Nc3 Bb7 18. Ne1 Bc7 19. g3 Qa8 20. Na4 Nc5 21. Nxc5 dxc5 22. Bg5 Be5 23. Nc2 a5 24. Qe3 Rcd8 25. Qb3 Rxd1+ 26. Rxd1 Bc7 27. Bxf6 gxf6 28. Ne3 Rd8 29. Ng4 Rxd1+ 30. Qxd1 Qd8 31. Qxd8+ Bxd8 32. Kf2 Kf8 33. Ke3 Ke7 34. f4 Kd7 35. Bf3 Ba6 36. b3 a4 37. e5 f5 38. Nf6+ Bxf6 39. exf6 axb3 40. axb3 b5 41. cxb5 Bxb5 42. Bh5 Ke8 43. Kd2 Bc6 44. Kc3 Bb5 45. Kb2 Bd3 46. Bd1 Bb5 47. Kc3 Kd7 48. Bh5 Ke8 49. h3 Bf1 50. Bd1 Kd7 51. h4 e5 52. fxe5 Ke6 53. Bh5 Kxe5 54. Bxf7 Kxf6 55. Bc4 Bg2 56. Bg8 Kg7 57. Bc4 Kf6 58. Kd2 Ke5 59. Ke3 h6 60. Be2 Bd5 61. Bc4 Bxc4 62. bxc4 h5 63. Kf3 Kd4 64. Kf4 Kxc4 65. Kxf5 Kd5 66. g4 hxg4 67. Kxg4 c4 68. h5 c3 69. h6 c2 70. h7 c1Q 71. h8Q 1/2-1/2

[Event "Berlin Lichtenrade op 14th"]
[Site "Berlin"]
[Date "2018.10.29"]
[Round "3"]
[White "Woerz, Markus"]
[Black "Stigar, Petter"]
[Result "1/2-1/2"]
[WhiteElo "1996"]
[BlackElo "2190"]
[PlyCount "57"]
[EventDate "2018.10.27"]
[EventType "swiss"]
[EventRounds "9"]
[EventCountry "GER"]
[SourceTitle "CBM 187 Extra"]
[Source "ChessBase"]
[SourceDate "2018.11.04"]
[SourceVersion "1"]
[SourceVersionDate "2018.11.04"]
[SourceQuality "1"]

1. e4 c5 2. Nc3 Nc6 3. g3 g6 4. Bg2 Bg7 5. d3 d6 6. Nge2 e5 7. Nd5 Nge7 8. Bg5 h6 9. Bf6 Bxf6 10. Nxf6+ Kf8 11. f4 Kg7 12. fxe5 Nxe5 13. 0-0 Ng4 14. Nxg4 Bxg4 15. Rf4 Qd7 16. Qd2 Rhf8 17. c3 Nc6 18. Rd1 Rae8 19. d4 cxd4 20. cxd4 Bxe2 21. Qxe2 Qc7 22. Qd2 Qb6 23. Rf2 f6 24. a3 a5 25. Qd3 Rc8 26. Bh3 Rce8 27. Bg2 Rc8 28. Bh3 Rce8 29. Bg2 1/2-1/2

[Event "Berlin Lichtenberger op 17th"]
[Site "Berlin"]
[Date "2018.08.25"]
[Round "8"]
[White "Junge, Wolfgang"]
[Black "Woerz, Markus"]
[Result "0-1"]
[WhiteElo "1829"]
[BlackElo "2027"]
[PlyCount "62"]
[EventDate "2018.08.18"]
[EventType "swiss"]
[EventRounds "9"]
[EventCountry "GER"]
[SourceTitle "CBM 186 Extra"]
[Source "ChessBase"]
[SourceDate "2018.08.24"]
[SourceVersion "1"]
[SourceVersionDate "2018.08.24"]
[SourceQuality "1"]

1. d4 Nf6 2. c4 c5 3. d5 b5 4. cxb5 a6 5. bxa6 g6 6. Nc3 Bxa6 7. e4 Bxf1 8. Kxf1 d6 9. Nge2 Nbd7 10. g3 Bg7 11. Kg2 0-0 12. f3 Qa5 13. Qc2 Ne5 14. b3 Rfc8 15. f4 Ned7 16. Bd2 c4 17. bxc4 Rxc4 18. Qd3 Qa6 19. Qf3 Nc5 20. e5 Nfe4 21. Nxe4 Nxe4 22. Be3 dxe5 23. fxe5 Bxe5 24. Rac1 Rac8 25. Rxc4 Rxc4 26. Rc1 Qxa2 27. Rxc4 Qxc4 28. Bh6 Qxd5 29. Qa3 Bd6 30. Qb2 Nxg3+ 31. Kf2 Nf5 0-1

[Event "Berlin Lichtenberger op 17th"]
[Site "Berlin"]
[Date "2018.08.23"]
[Round "6"]
[White "Wilke, Hans Peter"]
[Black "Woerz, Markus"]
[Result "0-1"]
[WhiteElo "1515"]
[BlackElo "2027"]
[PlyCount "84"]
[EventDate "2018.08.18"]
[EventType "swiss"]
[EventRounds "9"]
[EventCountry "GER"]
[SourceTitle "CBM 186 Extra"]
[Source "ChessBase"]
[SourceDate "2018.08.24"]
[SourceVersion "1"]
[SourceVersionDate "2018.08.24"]
[SourceQuality "1"]

1. d4 Nf6 2. Nf3 c5 3. Bf4 d5 4. e3 Nc6 5. c3 Qb6 6. Qb3 c4 7. Qc2 Bf5 8. Qc1 h6 9. h3 e6 10. Nbd2 Be7 11. Be2 0-0 12. 0-0 Qd8 13. Ne5 Bd6 14. Nxc6 bxc6 15. Bxd6 Qxd6 16. Nf3 Rfb8 17. Ne5 a5 18. f3 c5 19. g4 Bh7 20. Rf2 Rb7 21. Bf1 Ne8 22. f4 Nf6 23. Bg2 Ne4 24. f5 Nxf2 25. Kxf2 exf5 26. Nxc4 dxc4 27. Bxb7 Qh2+ 28. Bg2 Rb8 29. Qd2 fxg4 30. Rh1 Qd6 31. hxg4 cxd4 32. cxd4 Qb6 33. Ra1 Qxb2 34. Qxb2 Rxb2+ 35. Kg3 Bb1 36. Bd5 c3 37. Bb3 Rxb3 38. axb3 c2 39. Rxa5 c1Q 40. Ra8+ Kh7 41. Re8 Qg1+ 42. Kf4 Qf2+ 0-1

[Event "Berlin Lichtenberger op 17th"]
[Site "Berlin"]
[Date "2018.08.21"]
[Round "4"]
[White "Woerz, Markus"]
[Black "Jess, Arne"]
[Result "0-1"]
[WhiteElo "2027"]
[BlackElo "1814"]
[PlyCount "67"]
[EventDate "2018.08.18"]
[EventType "swiss"]
[EventRounds "9"]
[EventCountry "GER"]
[SourceTitle "CBM 186 Extra"]
[Source "ChessBase"]
[SourceDate "2018.08.24"]
[SourceVersion "1"]
[SourceVersionDate "2018.08.24"]
[SourceQuality "1"]

1. e4 c5 2. Nf3 d6 3. d4 cxd4 4. Nxd4 Nf6 5. Nc3 g6 6. Be3 Bg7 7. f3 0-0 8. Bc4 Nc6 9. Qd2 Bd7 10. 0-0-0 Re8 11. h4 b5 12. Bb3 a5 13. a4 bxa4 14. Bxa4 Ne5 15. b3 Bxa4 16. Nxa4 Qc7 17. Qe2 Reb8 18. g4 Ned7 19. Qd3 Nc5 20. Nxc5 Qxc5 21. Kd2 Qb4+ 22. c3 Qb7 23. Rb1 Nd7 24. Qc2 Nf8 25. Ra1 Ne6 26. Ra4 Nxd4 27. Bxd4 Bxd4 28. Rxd4 Qxb3 29. Qxb3 Rxb3 30. Rc1 Ra3 31. Rd5 Kg7 32. Rb5 Ra7 33. Kd3 Kf6 34. Rc2 0-1

[Event "Berlin Werner Ott op"]
[Site "Berlin"]
[Date "2018.07.07"]
[Round "8"]
[White "Kohler, Thomas"]
[Black "Woerz, Markus"]
[Result "1-0"]
[WhiteElo "2147"]
[BlackElo "2007"]
[PlyCount "97"]
[EventDate "2018.06.30"]
[EventType "swiss"]
[EventRounds "9"]
[EventCountry "GER"]
[SourceTitle "CBM 185 Extra"]
[Source "ChessBase"]
[SourceDate "2018.07.29"]
[SourceVersion "1"]
[SourceVersionDate "2018.07.29"]
[SourceQuality "1"]

1. Nf3 Nf6 2. c4 c5 3. Nc3 e6 4. d4 cxd4 5. Nxd4 d5 6. Bg5 Be7 7. e3 Nbd7 8. cxd5 Nxd5 9. Bxe7 Nxe7 10. Be2 0-0 11. 0-0 Ne5 12. Qb3 Qa5 13. Qb5 Qxb5 14. Ncxb5 a6 15. Nd6 Rd8 16. Ne4 Kf8 17. Rfd1 b6 18. f4 Bb7 19. Ng5 N5c6 20. Nxh7+ Ke8 21. Nxc6 Bxc6 22. Ng5 Nd5 23. Kf2 a5 24. Rac1 Ba4 25. b3 Bd7 26. a3 Rac8 27. Ba6 Rc3 28. Rxc3 Nxc3 29. Rd3 Nd5 30. Bb7 Nf6 31. Ke1 Rb8 32. Bf3 Ke7 33. Rc3 Ne8 34. Ne4 Nd6 35. Nxd6 Kxd6 36. h4 f6 37. Kd2 Re8 38. Rd3+ Kc7 39. Rc3+ Kd6 40. Be4 e5 41. Bg6 Re7 42. Rd3+ Kc7 43. g3 Bc6 44. Bf5 Re8 45. b4 Rh8 46. h5 Rf8 47. fxe5 fxe5 48. e4 Rh8 49. Ke3 1-0

[Event "Berlin Werner Ott op"]
[Site "Berlin"]
[Date "2018.07.06"]
[Round "7"]
[White "Grassi, Fabrizio"]
[Black "Woerz, Markus"]
[Result "0-1"]
[WhiteElo "1872"]
[BlackElo "2007"]
[PlyCount "90"]
[EventDate "2018.06.30"]
[EventType "swiss"]
[EventRounds "9"]
[EventCountry "GER"]
[SourceTitle "CBM 185 Extra"]
[Source "ChessBase"]
[SourceDate "2018.07.29"]
[SourceVersion "1"]
[SourceVersionDate "2018.07.29"]
[SourceQuality "1"]

1. d4 Nf6 2. Bf4 d5 3. e3 c5 4. c3 e6 5. Nd2 Nc6 6. Bd3 Bd6 7. Bxd6 Qxd6 8. f4 cxd4 9. cxd4 Bd7 10. a3 Ne7 11. Qe2 0-0 12. Ngf3 Qb6 13. Rb1 Nf5 14. Ne5 Nd6 15. Nxd7 Nxd7 16. 0-0 g6 17. Rf3 f6 18. Rh3 Rf7 19. Qg4 Nf5 20. Qf3 Qc6 21. g4 Nd6 22. e4 dxe4 23. Nxe4 Nb6 24. Nc5 Qxf3 25. Rxf3 Re7 26. b3 Nd5 27. Re1 Rae8 28. Ne4 Rd8 29. Bc4 Kf7 30. Bxd5 exd5 31. Nxd6+ Rxd6 32. Rxe7+ Kxe7 33. Rh3 Re6 34. Rxh7+ Kd6 35. Rxb7 Re4 36. Rxa7 Rxd4 37. Rb7 Rxf4 38. h3 d4 39. Rb8 Ke5 40. Kg2 d3 41. Re8+ Kd4 42. Kg3 g5 43. a4 Kc3 44. Rc8+ Kxb3 45. a5 d2 0-1

[Event "Berlin Werner Ott op"]
[Site "Berlin"]
[Date "2018.07.02"]
[Round "3"]
[White "Rehberg, Raphael"]
[Black "Woerz, Markus"]
[Result "1/2-1/2"]
[WhiteElo "2279"]
[BlackElo "2007"]
[PlyCount "104"]
[EventDate "2018.06.30"]
[EventType "swiss"]
[EventRounds "9"]
[EventCountry "GER"]
[SourceTitle "CBM 185 Extra"]
[Source "ChessBase"]
[SourceDate "2018.07.29"]
[SourceVersion "1"]
[SourceVersionDate "2018.07.29"]
[SourceQuality "1"]

1. e4 e5 2. Bc4 Bc5 3. Nf3 Nc6 4. d3 Nf6 5. Bb3 d6 6. Nbd2 a6 7. c3 Ba7 8. Nf1 0-0 9. h3 d5 10. Qe2 d4 11. g4 Be6 12. Ng3 Bxb3 13. axb3 Nd7 14. b4 dxc3 15. bxc3 a5 16. b5 Ne7 17. 0-0 Ng6 18. d4 Bb6 19. Rd1 Qf6 20. Nf5 Nf4 21. Bxf4 exf4 22. e5 Qe6 23. Ng5 Qe8 24. Re1 h6 25. Ne4 Nxe5 26. dxe5 Qxe5 27. Qf3 Rfe8 28. Re2 Qxb5 29. Rae1 Re6 30. Qxf4 Qe5 31. Qxe5 Rxe5 32. Neg3 Rxe2 33. Rxe2 a4 34. Ra2 Bc5 35. Ne4 Bf8 36. c4 g6 37. Ne3 c6 38. Nc3 a3 39. Nc2 Bc5 40. Ra1 f5 41. gxf5 gxf5 42. Kf1 Kf7 43. f3 Rg8 44. Ne2 Rd8 45. Nxa3 Rd3 46. Nc2 Rxf3+ 47. Ke1 Rxh3 48. Ra5 b6 49. Ra7+ Kf6 50. Rc7 Rh4 51. Rxc6+ Kg5 52. Kd2 Rxc4 1/2-1/2

[Event "Berlin Lichtenberger op 15th"]
[Site "Berlin"]
[Date "2016.08.19"]
[Round "7"]
[White "Kohlmeyer, Dagobert"]
[Black "Woerz, Markus"]
[Result "1-0"]
[WhiteElo "1877"]
[BlackElo "2055"]
[PlyCount "63"]
[EventDate "2016.08.13"]
[EventType "swiss"]
[EventRounds "9"]
[EventCountry "GER"]
[SourceTitle "CBM 173 Extra"]
[Source "ChessBase"]
[SourceDate "2016.08.29"]
[SourceVersion "1"]
[SourceVersionDate "2016.08.29"]
[SourceQuality "1"]

1. e4 c5 2. Nf3 d6 3. d4 cxd4 4. Nxd4 Nf6 5. Nc3 a6 6. Be2 e5 7. Nb3 Be7 8. 0-0 Be6 9. Be3 0-0 10. f4 Qc7 11. f5 Bc4 12. Qe1 Rd8 13. Bd3 Nbd7 14. Rd1 d5 15. exd5 Bxd5 16. Be2 Bc6 17. Qg3 Rac8 18. Bh6 Bf8 19. Kh1 b5 20. a3 Bb7 21. Bg5 Kh8 22. Nd2 Re8 23. Nf3 e4 24. Qxc7 Rxc7 25. Nd4 Bxa3 26. Ncxb5 axb5 27. bxa3 Ra8 28. Bxb5 Rxa3 29. Bf4 Rc8 30. Bxd7 Nxd7 31. Nb5 e3 32. Rxd7 1-0

[Event "Berlin Lichtenberger op 14th"]
[Site "Berlin"]
[Date "2015.08.22"]
[Round "8"]
[White "Wierzbicki, Jirawat"]
[Black "Woerz, Markus"]
[Result "1/2-1/2"]
[WhiteElo "1961"]
[BlackElo "2065"]
[PlyCount "62"]
[EventDate "2015.08.15"]
[EventType "swiss"]
[EventRounds "9"]
[EventCountry "GER"]
[SourceTitle "EXT 2016"]
[Source "ChessBase"]
[SourceDate "2015.10.08"]
[SourceVersion "1"]
[SourceVersionDate "2015.10.08"]
[SourceQuality "1"]

1. e4 Nf6 2. e5 Nd5 3. d4 d6 4. Nf3 Bg4 5. Be2 c6 6. 0-0 Bxf3 7. Bxf3 dxe5 8. dxe5 e6 9. Qe2 Nd7 10. b3 Qc7 11. Bb2 Nf4 12. Qe4 g5 13. Nd2 Bg7 14. Rfe1 Ng6 15. Nc4 0-0 16. Bh5 b5 17. Bxg6 fxg6 18. Nd6 Rf4 19. Qe3 Raf8 20. c4 Rxf2 21. Qxf2 Rxf2 22. Kxf2 Nxe5 23. Bxe5 Bxe5 24. Rxe5 Qxd6 25. Rae1 Kf7 26. cxb5 cxb5 27. g3 Kf6 28. Rxb5 Qd4+ 29. Re3 Qd2+ 30. Re2 Qd4+ 31. Re3 Qd2+ 1/2-1/2

[Event "Berlin Lichtenberger op 14th"]
[Site "Berlin"]
[Date "2015.08.17"]
[Round "3"]
[White "Woerz, Markus"]
[Black "Schleicher, Janek"]
[Result "1/2-1/2"]
[WhiteElo "2065"]
[BlackElo "2029"]
[PlyCount "55"]
[EventDate "2015.08.15"]
[EventType "swiss"]
[EventRounds "9"]
[EventCountry "GER"]
[SourceTitle "EXT 2016"]
[Source "ChessBase"]
[SourceDate "2015.10.08"]
[SourceVersion "1"]
[SourceVersionDate "2015.10.08"]
[SourceQuality "1"]

1. e4 c5 2. Nc3 a6 3. f4 b5 4. Nf3 Bb7 5. d3 Nf6 6. g3 g6 7. Bg2 Bg7 8. e5 Nd5 9. Ne4 Qb6 10. Qe2 0-0 11. Qf2 d6 12. 0-0 Nd7 13. exd6 exd6 14. c3 N7f6 15. Nxf6+ Nxf6 16. h3 b4 17. cxb4 Qxb4 18. Bd2 Qb5 19. Bc3 d5 20. Be5 Qxd3 21. Qxc5 Nd7 22. Qc7 Nxe5 23. Nxe5 Qd4+ 24. Kh2 Qa7 25. Rac1 Rac8 26. Qe7 Rce8 27. Qc7 Rc8 28. Qe7 1/2-1/2

[Event "Berlin Kreuzberg op"]
[Site "Berlin"]
[Date "2015.07.17"]
[Round "7"]
[White "Woerz, Markus"]
[Black "Gebigke, Martin"]
[Result "1/2-1/2"]
[WhiteElo "2009"]
[BlackElo "2148"]
[PlyCount "117"]
[EventDate "2015.07.11"]
[EventType "swiss"]
[EventRounds "9"]
[EventCountry "GER"]
[SourceTitle "CBM 167 Extra"]
[Source "ChessBase"]
[SourceDate "2015.09.14"]
[SourceVersion "1"]
[SourceVersionDate "2015.09.14"]
[SourceQuality "1"]

1. e4 c5 2. Nc3 Nc6 3. f4 g6 4. Nf3 Bg7 5. Bb5 Nd4 6. 0-0 Nxb5 7. Nxb5 d5 8. e5 Nh6 9. d4 a6 10. Nc3 c4 11. a4 b6 12. b3 cxb3 13. cxb3 0-0 14. Ba3 Ra7 15. Rc1 f6 16. exf6 Bxf6 17. Ne5 Bxe5 18. fxe5 Rxf1+ 19. Qxf1 Be6 20. Qf4 Kg7 21. Ne2 Rc7 22. Rxc7 Qxc7 23. Qg5 Nf5 24. g4 h6 25. Nf4 Bf7 26. Qxg6+ Bxg6 27. Ne6+ Kf7 28. Nxc7 Nxd4 29. Nxd5 Bc2 30. Nxb6 Bxb3 31. Kf2 Ke6 32. Bc1 Bd1 33. h3 h5 34. gxh5 Bxh5 35. Ke3 Nc6 36. Kf4 Nxe5 37. Kg5 Bd1 38. Bb2 Nf3+ 39. Kf4 Ne1 40. Ke3 Bh5 41. Nc4 Nc2+ 42. Kd2 Nb4 43. Ba3 Nd5 44. a5 Nf4 45. Nb6 Kf7 46. Nd7 Ne6 47. Nc5 Nc7 48. Bb2 Ke8 49. Be5 Kd8 50. Bxc7+ Kxc7 51. Nxa6+ Kc6 52. Nb4+ Kb5 53. Nd5 e5 54. Nf6 Bg6 55. Ke3 Kxa5 56. h4 Kb5 57. Ng4 e4 58. Nf6 Kc4 59. Nxe4 1/2-1/2

[Event "Berlin Lichtenberger op 13th"]
[Site "Berlin"]
[Date "2014.08.23"]
[Round "8"]
[White "Reichenbach, Werner"]
[Black "Woerz, Markus"]
[Result "1-0"]
[WhiteElo "2258"]
[BlackElo "1949"]
[PlyCount "107"]
[EventDate "2014.08.16"]
[EventType "swiss"]
[EventRounds "9"]
[EventCountry "GER"]
[SourceTitle "CBM 161 Extra"]
[Source "ChessBase"]
[SourceDate "2014.08.29"]
[SourceVersion "1"]
[SourceVersionDate "2014.08.29"]
[SourceQuality "1"]

1. c4 Nf6 2. Nc3 e6 3. e4 d5 4. e5 d4 5. exf6 dxc3 6. bxc3 Qxf6 7. d4 b6 8. Nf3 Bb7 9. Be2 Bd6 10. 0-0 0-0 11. Rb1 h6 12. Re1 Nd7 13. Qa4 Rfd8 14. c5 Bxc5 15. dxc5 Qxc3 16. Bb2 Qxc5 17. Red1 Qe7 18. Qd4 f6 19. Qe3 e5 20. Ba3 c5 21. Nh4 Qe6 22. f4 Qxa2 23. Bg4 Nf8 24. fxe5 fxe5 25. Qg3 Rd2 26. Rxd2 Qxd2 27. Nf5 Qf4 28. Bb2 Rd8 29. Bxe5 Qxg3 30. hxg3 Rd2 31. Bh3 Ne6 32. Nxh6+ gxh6 33. Bxe6+ Kf8 34. Bh3 h5 35. Bf4 Ra2 36. Rd1 Be4 37. Be5 c4 38. Rd8+ Ke7 39. Rd7+ Ke8 40. Rc7 Bd5 41. Bd6 a6 42. Kf1 b5 43. Ke1 Rb2 44. Rc5 Bg8 45. Kd1 a5 46. Kc1 Rb3 47. Rc8+ Kf7 48. Be5 Ra3 49. Kd2 b4 50. Rxc4 b3 51. Rc7+ Ke8 52. Bb2 Ra2 53. Kc1 Ra4 54. Bd7+ 1-0

[Event "Berlin Werner Ott op"]
[Site "Berlin"]
[Date "2013.07.09"]
[Round "4"]
[White "Kohler, Thomas"]
[Black "Woerz, Markus"]
[Result "1-0"]
[WhiteElo "2266"]
[BlackElo "1896"]
[PlyCount "147"]
[EventDate "2013.07.06"]
[EventType "swiss"]
[EventRounds "9"]
[EventCountry "GER"]
[SourceTitle "CBM 155 Extra"]
[Source "ChessBase"]
[SourceDate "2013.08.26"]
[SourceVersion "1"]
[SourceVersionDate "2013.08.26"]
[SourceQuality "1"]

1. c4 Nf6 2. g3 e6 3. Bg2 d5 4. Nf3 Be7 5. 0-0 0-0 6. d4 dxc4 7. Qc2 a6 8. a4 Nc6 9. Qxc4 Qd5 10. Qxd5 Nxd5 11. Nc3 Ncb4 12. Bd2 Bd7 13. Rfc1 Rac8 14. Ne5 Rfd8 15. Nxd5 Nxd5 16. Nc4 b6 17. b3 Bc6 18. Ne5 Ba8 19. Nd3 c5 20. dxc5 bxc5 21. Ba5 Rd7 22. b4 c4 23. Ne5 Rb7 24. Nxc4 Bxb4 25. Nd6 Rxc1+ 26. Rxc1 Rb8 27. Bxb4 Nxb4 28. Rc7 f6 29. Bxa8 Rxa8 30. Re7 e5 31. Nf5 g6 32. Nh6+ Kh8 33. Ng4 Rf8 34. Rd7 e4 35. Nh6 f5 36. Nf7+ Kg8 37. Nh6+ Kh8 38. Nf7+ Kg8 39. Ng5 h6 40. Ne6 Rf6 41. Nf4 Nc6 42. Nd5 Re6 43. Nc7 Re7 44. Rxe7 Nxe7 45. Nxa6 Kf7 46. Nb4 Ke6 47. a5 Kd6 48. f3 Kc5 49. a6 Nc8 50. Nc2 exf3 51. exf3 Kb6 52. Kf2 Kxa6 53. Ke3 Kb6 54. Kd4 Kc6 55. Ke5 Ne7 56. Kf6 Kd6 57. Ne3 Nc6 58. f4 Nd4 59. Kxg6 Ke6 60. Kxh6 Kf6 61. Kh5 Nf3 62. h3 Ng1 63. g4 Nxh3 64. g5+ Ke6 65. Ng2 Kf7 66. Kh6 Nf2 67. Kh7 Ng4 68. Nh4 Ke6 69. Kh8 Kd5 70. g6 Ke4 71. g7 Nf6 72. Ng6 Ke3 73. g8Q Nxg8 74. Kxg8 1-0

[Event "Berlin Eckbauer op 12th"]
[Site "Berlin"]
[Date "2009.10.12"]
[Round "5.9"]
[White "Woerz, Markus"]
[Black "Fleischmann, Klaus"]
[Result "1/2-1/2"]
[WhiteElo "1985"]
[BlackElo "1870"]
[PlyCount "41"]
[EventDate "2009.09.14"]
[EventType "swiss"]
[EventRounds "7"]
[EventCountry "GER"]
[SourceTitle "EXT 2022"]
[Source "ChessBase"]
[SourceDate "2021.10.06"]
[SourceVersion "1"]
[SourceVersionDate "2021.10.06"]
[SourceQuality "1"]

1. e4 e6 2. d4 d5 3. Nd2 Nf6 4. e5 Nfd7 5. f4 c5 6. c3 Nc6 7. Ndf3 cxd4 8. cxd4 Bb4+ 9. Kf2 Qb6 10. g3 Nf8 11. Ne2 Bd7 12. Bd2 Na5 13. Bxb4 Qxb4 14. Qd2 Qxd2 15. Nxd2 Bb5 16. Nc3 Bxf1 17. Rhxf1 a6 18. Rac1 Nd7 19. Ke3 Nb6 20. b3 Ke7 21. Ne2 1/2-1/2

[Event "Berlin Eckbauer op 12th"]
[Site "Berlin"]
[Date "2009.10.05"]
[Round "4.15"]
[White "Focke, Wolfgang"]
[Black "Woerz, Markus"]
[Result "0-1"]
[WhiteElo "1535"]
[BlackElo "1985"]
[PlyCount "80"]
[EventDate "2009.09.14"]
[EventType "swiss"]
[EventRounds "7"]
[EventCountry "GER"]
[SourceTitle "EXT 2022"]
[Source "ChessBase"]
[SourceDate "2021.10.06"]
[SourceVersion "1"]
[SourceVersionDate "2021.10.06"]
[SourceQuality "1"]

1. e4 e5 2. Nf3 Nc6 3. Bb5 a6 4. Ba4 Nf6 5. 0-0 Be7 6. Re1 b5 7. Bb3 d6 8. c3 0-0 9. h3 Nb8 10. d4 Nbd7 11. Nbd2 Bb7 12. a4 c5 13. d5 Re8 14. Nf1 Bf8 15. Ng3 g6 16. Be3 Bg7 17. Qd2 h5 18. Bg5 Qc7 19. Bh6 Nh7 20. Bxg7 Kxg7 21. Ng5 Qd8 22. h4 Nxg5 23. hxg5 Nf8 24. Ne2 Nh7 25. f4 exf4 26. Nxf4 Qxg5 27. Qf2 Nf6 28. Bc2 Nd7 29. Nh3 Qe5 30. Rf1 Nf6 31. Rae1 Re7 32. Qf4 Rae8 33. axb5 axb5 34. Ng5 Qxf4 35. Rxf4 Nxd5 36. Rf2 f6 37. Nf3 Nf4 38. Nh4 Bxe4 39. Bxe4 Rxe4 40. Rxe4 Rxe4 0-1

[Event "Berlin Eckbauer op 12th"]
[Site "Berlin"]
[Date "2009.09.14"]
[Round "1.7"]
[White "Woerz, Markus"]
[Black "Krawatzki, Armin"]
[Result "1/2-1/2"]
[WhiteElo "1985"]
[BlackElo "1874"]
[PlyCount "45"]
[EventDate "2009.09.14"]
[EventType "swiss"]
[EventRounds "7"]
[EventCountry "GER"]
[SourceTitle "EXT 2022"]
[Source "ChessBase"]
[SourceDate "2021.10.06"]
[SourceVersion "1"]
[SourceVersionDate "2021.10.06"]
[SourceQuality "1"]

1. e4 d5 2. exd5 Qxd5 3. Nc3 Qa5 4. d4 Nf6 5. Bc4 Bf5 6. Nf3 e6 7. Bd2 c6 8. Nd5 Qd8 9. Nxf6+ gxf6 10. Qe2 Nd7 11. 0-0-0 Nb6 12. Bb3 a5 13. a4 Nd5 14. Nh4 Bg6 15. f4 f5 16. Nxg6 hxg6 17. c4 Qb6 18. Bc2 Nf6 19. d5 cxd5 20. Bc3 Bg7 21. cxd5 0-0 22. Qb5 Qe3+ 23. Kb1 1/2-1/2